Today's News - Statistics

General Stats
  • This quiz has been taken 5 times
  • The average score is 6 of 10
Answer Stats
Hint Answer % Correct
Smartest person in year 10 Meg
75%
My name's _____ Susie
75%
I AM the neigbourhood watch Tammy
75%
Yo guys, ______ here Gretchen
50%
Life of the class Hannah
50%
MHMM GURL LaVonna McClarity
50%
Yawn Miss tuthill
50%
HIS HOUSE WAS DESTROYED!! Mr Fergurson
50%
Massive Mr Hutchinson
50%
BLACK FRIDAY 42 million
25%
No matching quizzes found
Score Distribution
Percent of People with Each Score
Percentile by Number Answered
Your Score History
You have not taken this quiz